| 000 | 01045nam a2200217 4500 | ||
|---|---|---|---|
| 001 | 216223784 | ||
| 003 | UA-OsUOA | ||
| 005 | 20230606115551.0 | ||
| 008 | 230606b un ||||| |||| 00| 0 ukr d | ||
| 040 |
_aUA-OsUOA _bukr _cUA-OsUOA _dUA-OsUOA |
||
| 041 | _aukr | ||
| 080 | _a908 | ||
| 090 | _a908 | ||
| 100 | _aМуляр В. І. | ||
| 245 |
_aСтановлення та розвиток системи міського самоврядування в місті Старокостянтинові _cВ. І. Муляр, Н. І. Стрельбіцька, О. О. Журавльова |
||
| 300 | _aС.116-123 | ||
| 650 | _2UDC | ||
| 700 | 1 | _aСтрельбіцька Н. І., Журавльова О. О. | |
| 773 | 0 |
_0573672 _9468397 _aСтарокостянтинівська міська рада _dСтарокостянтинів Бицик Ю. В. 2017 _o165432 _tКнязі Острозькі в історії Центрально-Східної Європи: минуле і сучасність _z9786177094643 |
|
| 942 |
_2udc _cBKA |
||
| 999 |
_c574377 _d574377 |
||